| 000 | 00610nam a2200205 u 4500 | ||
|---|---|---|---|
| 005 | 20221123063627.0 | ||
| 008 | 110131s1986 ea r 000 0 eng d | ||
| 020 | _a0521318947 | ||
| 035 | _aUPN01000179198 | ||
| 049 | _aCG | ||
| 050 | 4 |
_aBF503 _bT6.5 |
|
| 100 | 1 |
_aToates, Frederick M. _931289 |
|
| 245 | 1 | 0 |
_aMotivational systems / _cFrederich Toates. |
| 260 |
_aLondon : _bCambridge University Press, _c1986. |
||
| 300 |
_a188 p. : _bil. |
||
| 440 | 0 | _aProblems in the behavioural sciences | |
| 650 | 7 |
_aMotivación (Psicología) _2 _95909 |
|
| 650 | 4 |
_aPsicología experimental _913363 |
|
| 905 | _aLibro | ||
| 999 |
_c151301 _d151301 |
||